| 000 | 00456cam a2200157 i 4500 | ||
|---|---|---|---|
| 020 | _a9781284047028 (paperback) | ||
| 020 | _a1284047024 (paperback) | ||
| 040 | _cDLC | ||
| 082 | 0 | 0 | _a610 INT 2007 C152 Or. |
| 245 | 1 | 0 |
_aAdvanced practice nursing : _bcontexts of care / |
| 300 |
_axxiii, 338 pages : _billustrations ; _c23 cm |
||
| 650 | 1 | 2 | _aAdvanced Practice Nursing |
| 650 | 2 | 2 | _aAdvanced Practice Nursing |
| 700 | 1 | _aHamlin, Lynette, | |
| 942 | _cAEDBB | ||
| 999 |
_c18817 _d18817 |
||